Computer accounting with Sage 50 complete accounting 2013 [formerly Peachtree]

Đã lưu trong:
Bibliografiske detaljer
Hovedforfatter:  Yacht, Carol
Format: Sách
Sprog:Undetermined
Udgivet:  McGraw-Hill/Irwin 2014
Fag:
Tags: Tilføj Tag
Ingen Tags, Vær først til at tagge denne postø!
Thư viện lưu trữ: Trung tâm Thư viện - Trường Đại học Công nghiệp TP. Hồ Chí Minh
LEADER 00513nam a2200157Ia 4500
001 UIH_05767
008 231011s9999 xx 000 0 und d
082 |a  657.0285 
100 |a  Yacht, Carol 
245 0 |a  Computer accounting with Sage 50 complete accounting 2013 [formerly Peachtree] 
245 0 |c  Yacht, Carol 
260 |b  McGraw-Hill/Irwin 
260 |c 2014 
650 |a  Kế toán;  
927 |a Sách 
980 |a Trung tâm Thư viện - Trường Đại học Công nghiệp TP. Hồ Chí Minh